F1 Drivers by Picture (1980s) - Statistics

General Stats
  • This quiz has been taken 85 times
  • The average score is 12 of 20
Answer Stats
Picture Answer % Correct
Ayrton Senna
98%
Alain Prost
97%
Nigel Mansell
94%
Niki Lauda
89%
Keke Rosberg
82%
Nelson Piquet
82%
Gerhard Berger
69%
Alan Jones
65%
Riccardo Patrese
65%
Gilles Villeneuve
61%
Michele Alboreto
60%
René Arnoux
52%
Jacques Laffite
50%
Thierry Boutsen
42%
Patrick Tambay
40%
Elio de Angelis
34%
John Watson
32%
Stefan Johansson
19%
Andrea de Cesaris
18%
Eddie Cheever
16%
No matching quizzes found
Score Distribution
Percent of People with Each Score
Percentile by Number Answered
Your Score History
You have not taken this quiz